00643nam a2200193Ia 4500008004100000020001800041082002000059100001800079245005700097250000700154260004600161300002300207500001900230600002000249650002000269942000700289952013600296999001700432240925s9999 xx 000 0 und d a9789834710453 a332.1091767 HAS aHasan, Zubair 0aIslamic Banking and Finance: an integrative approach aNA aKarachi:bOxford University Pressc,2014. a388p.b0fOriginal aIncludes Index aSocial Sciences aSocial Sciences cBK 001040708SSaUITUbUITUd2019-01-28eRoyal Book Companyg350.00l0o332.1091767 HASpQ14162r2024-09-25 07:17:12w2024-09-25yBK c16661d16661